000 00319nam a22001337a 4500
003 SGT
020 _a9789360455224
082 _a301
_bB24S
100 _aSHARMA, MRITYUNJAY
245 _aBROKEN PROMISES: CASTE, CRIME & POLITICS IN BIHAR
260 _bWESTLAND NON - FICTION
_c2024
300 _a333
942 _2ddc
_cBK
999 _c32049
_d32049